000 00636nam a2200253Ia 4500
003 OSt
005 20221005113634.0
006 a|||||r|||| 00| 0
007 ta
008 221004b |||||||| |||| 00| 0 guj d
024 _a40847
037 _cTextual
040 _aCRL
_cCRL
_bguj
041 _2guj
_aguj
082 _aV2:51xM69:g, 156F1
100 _aDas N.D. Au.
_9624695
245 0 _aAatlu to jeenjay
260 _c1921
300 _a114p.
_ccm.
650 _a HISTORY
650 _aGANDHI, MAHATAMA
_94156
942 _hV2:51xM69:g, 156F1
_cTEXL
_2cc
999 _c1028835
_d1028835